logo

Bir Sreshtho Munshi Abdur Rouf Library
Jhenaidah Cadet College

কান্না হাসির সমুদ্র / (Record no. 2540)

MARC details
000 -LEADER
fixed length control field 00602nam a2200205 4500
001 - CONTROL NUMBER
JCCL Control Number 2540
003 - CONTROL NUMBER IDENTIFIER
JCCL marc code BD-JhCC
005 - DATE AND TIME OF LATEST TRANSACTION
control field 20191029134017.0
008 - FIXED-LENGTH DATA ELEMENTS--GENERAL INFORMATION
fixed length control field 171104b2011 bg ||||| |||| 00| 0 ben d
035 ## - SYSTEM CONTROL NUMBER
system control number (BD-JhCC)
040 ## - CATALOGING SOURCE
Original cataloging agency BD-JhCC
Modifying agency BD-JhCC
041 ## - LANGUAGE CODE
Language code of Book ben
082 ## - DEWEY DECIMAL CLASSIFICATION NUMBER
Classification number 891.443
Author mark and Year RAS 2011
100 ## - MAIN ENTRY--PERSONAL NAME
Personal name রশীদ, শুজা
245 ## - TITLE STATEMENT
Title কান্না হাসির সমুদ্র /
Statement of responsibility, etc শুজা রশীদ
260 ## - PUBLICATION, DISTRIBUTION, ETC. (IMPRINT)
Place of publication, distribution, etc ঢাকা :
Name of publisher, distributor, etc সৃজনী ;
Date of publication, distribution, etc ২০১১
300 ## - PHYSICAL DESCRIPTION
Pagination ৯৬ পৃ. ;
Dimensions ২০ সেমি
650 ## - SUBJECT ADDED ENTRY--TOPICAL TERM
Topical term or geographic name as entry element Bengali novel
942 ## - ADDED ENTRY ELEMENTS (KOHA)
Source of classification or shelving scheme Dewey Decimal Classification
Koha item type Books
Koha issues (borrowed), all copies 2
Holdings
Source of classification or shelving scheme Damaged status Not for loan Home library Current library Date of accession Total Checkouts Full call number Barcode Date last seen Date checked out Copy number Koha item type
Dewey Decimal Classification     JCC Rouf Library JCC Rouf Library 11/04/2017 1 891.443 RAS 2011 4180 11/11/2019 10/28/2019 C-1 Books

JCC Library | Contacts | JCC Home

Last Update on 23 September 2017
Copyright @ 2017-2020 JCC Rouf Library
Rouf Library, Jhenidah Cadet College (JCC), Bangladesh